00269nam a2200121Ia 45000030006000000080041000060400015000471000017000622450033000792600006001125460012001180050017001300STCL150530s9999 xx 000 0 und d aSTCLcSTCL aSeward, A.C. aPlant life through the agesI c0 aEnglish20220125170323.0